| 000 | 00422cam a2200157ua 4500 | ||
|---|---|---|---|
| 041 |
_aeng _h |
||
| 082 |
_a930 _bGAT/SH |
||
| 100 | _aGathorne, Hardy G M . | ||
| 245 |
_aShort history of international affairs 1920-1939 / _cG M Hardy Gathorne. _hTextual Documents |
||
| 250 |
_a4 / _b. |
||
| 260 |
_aLondon : _bOxford University Press , _c1964. |
||
| 300 | _a540 ; . | ||
| 504 | _a | ||
| 942 | _cBK | ||
| 999 |
_c6311 _d6311 |
||